00373nam a2200145Ia 4500003000400000008004100004040001600045082001800061100001500079245005100094260004100145300001000186650001400196650001700210GCL140319s9999 xx 000 0 eng d aGCL / cGCL04a791.4409bL E1 aLAGO, MERY10aE.M. FORSTER: A LITERATARY LIFE / cLAGO, MERY a[S.N] : bMac Millan Press ، c1995 a170 P04aBIOGRAPHY04aFORSTER, M.E